000 00852nam a2200301Ia 4500
003 OSt
005 20220912151458.0
006 a|||||r|||| 00| 0
007 ta
008 220909b |||||||| |||| 00| 0 eng d
020 _a354056991X (Berlin:hbd)
024 _a3606
037 _bNarosa,
037 _cTextual
040 _aCSL
_beng
_cCSL
041 _aeng
082 _aB394M, N4
100 _aHavin Victor
245 0 _aUncertainty principle in harmonic analysis
260 _aBerlin
_bSpringer-Verlag
_c1994
300 _a543p.
_ccm.
490 _aErgebnisse der mathematik und ihrer grenzgebiete;3.Folge.Bd 28
650 _a Harmonic Analysis
650 _aMathematics
700 _a Joricke Burglind
942 _hB394M, N4
_cTEXL
_2CC
999 _c69462
_d69462